Štandardné zdroje financovania podnikov bakalárska práca

Gespeichert in:
Bibliographische Detailangaben
1. Verfasser: Korchová, Patrícia
Körperschaft: Fakulta podnikového manažmentu EU. Katedra podnikových financií
Weitere Verfasser: Kalusová, Lenka, 1987-
Format: Buch
Sprache:Slowakisch
Veröffentlicht: Bratislava 2020
Tags: Tag hinzufügen
Keine Tags, Fügen Sie das erste Tag hinzu!

MARC

LEADER 00000nbm a2200000 4500
001 0265968
005 20201123111226.4
041 0 |a slo 
044 |a SK 
245 1 0 |a Štandardné zdroje financovania podnikov  |b bakalárska práca  |c Patrícia Korchová ; školiteľ: Lenka Kalusová 
264 1 |a Bratislava  |c 2020 
300 |a 54 s. 
100 1 |a Korchová, Patrícia 
700 1 |a Kalusová, Lenka, 1987- 
710 2 |a Fakulta podnikového manažmentu EU. Katedra podnikových financií